书目信息 |
| 题名: |
陆沉集
|
|
| 作者: | 钟惦檡 著 | |
| 分册: | ||
| 出版信息: | 北京 中国电影出版社 1983 |
|
| 页数: | 454页 | |
| 开本: | 20cm | |
| 丛书名: | ||
| 单 册: | ||
| 中图分类: | J905.2 | |
| 科图分类: | ||
| 主题词: | 电影评论--中国--文集 | |
| 电子资源: | ||
| ISBN: | ||
| 000 | 00555nam0 2200217 45 | |
| 001 | 0183008496 | |
| 005 | 20060819174629.95 | |
| 010 | @dCNY1.70 | |
| 091 | @aCN@b8061.1967 | |
| 100 | @a19960215d1983 em y0chiy0121 ea | |
| 101 | 0 | @achi |
| 102 | @aCN@b110000 | |
| 105 | @ay z 000yy | |
| 200 | 10 | @a陆沉集@Alu chen ji@f钟惦檡著 |
| 210 | @a北京@c中国电影出版社@d1983 | |
| 215 | @a454页@d20cm | |
| 606 | @a电影评论@y中国@x文集 | |
| 690 | @aJ905.2@v3 | |
| 701 | 0 | @a钟惦檡@Azhong dian fei@4著 |
| 801 | 0 | @aCN@bTSSF@c20060819 |
| 905 | @a10447@dJ905.2@e143 | |
| 陆沉集/钟惦檡著.-北京:中国电影出版社,1983 |
| 454页;20cm |
| ISBN :CNY1.70 |
| ● |
| 相关链接 |
|
|
|
|
正题名:陆沉集
索取号:J905.2/143
 
预约/预借
| 序号 | 登录号 | 条形码 | 馆藏地/架位号 | 状态 | 备注 |
| 1 | 0467035 | 204670356 | 密集书库/ [索取号:J905.2/143] | 在馆 |